000 00543cam a2200205ua 4500
001 4209
005 20260515113813.0
008 111220n ii |||gr||||Z||||||asm
040 _cMAIN
082 _a891.4513
100 1 _aHawthorne, Nathaniel,
245 1 1 _aHawthornor srestha galpa
_cby Nathaniel Hawthorne
250 _a1st.
260 _aKolkata:
_bSreebhumi publishing co.,965.
300 _a116p:
_c23cm.
653 _aAssamese short stories
653 _aHawthornor srestha galpa
700 1 _aNath, Bimal,
_eEditor.,
942 _cBK
999 _c4027
_d4027